Normal view
MARC view
Entry Personal Name
001 - CONTROL NUMBER
- control field: 9261
003 - CONTROL NUMBER IDENTIFIER
- control field: OSt
005 - DATE AND TIME OF LATEST TRANSACTION
- control field: 20211029094845.0
008 - FIXED-LENGTH DATA ELEMENTS
- fixed length control field: 211029|| aca||aabn | a|a d
040 ## - CATALOGING SOURCE
- Original cataloging agency: OSt
- Transcribing agency: OSt
100 ## - HEADING--PERSONAL NAME
- Personal name: M L Chibber
670 ## - SOURCE DATA FOUND
- Source citation: Work cat.: (OSt): M L Chibber, Sai Baba's Mahavakya On Leadership: Book for Youth Parents and Teachers, 2003